00979nam a2200193 a 450000100100000000500170001000800410002704000250006808200150009310000330010824500590014126000470020030000280024704900090027595201250028495201720040995201870058199900170076800003311820200930070035.0110817s1939 ag a 000 0 spa d aDO-SdBNPbspacBNPHU axxxxbE18u1 aEchavarría, Colón95790613aLa última copa del festín /cColón Echavarría. aBuenos Aires, Argentina :bCultura,c1939. a111 p. :bil. ;c18 cm. aBNPD 001154708RVaGRbGRcMId2011-10-21iLF1l0oxxxx E18up33118-30r2020-06-25te. 3w2020-06-25y4ZPréstamo en sala 001050718RVaPDbPDcHDd2011-08-17iLF1l0oxxxx E18up33118-10r2020-06-25w2020-06-25y1zPerteneció a la biblioteca personal de Martínez Boog.ZNo se presta 001150718RVaPDbPDcMId2011-08-24iLF1l0oxxxx E18up33118-20r2020-06-25te. 2w2020-06-25y1zPerteneció a la biblioteca personal de Carlos Larrabazal Blanco.ZNo se presta c32609d32609